000 00799namaa22002171 4500
001 174093
003 ES-MaACL
005 20250829120107.0
008 100215s1948 cu |||| | spa d
080 _a821.134.2(729.1)-4"19"
100 1 _aPoveda, José Manuel.
_9142165
245 1 0 _aProemios de cenáculo /
_cJosé Manuel Poveda ; evocación de Poveda por Rafael Estenger.
260 _aLa Habana :
_bPublicaciones del Ministerio de Educación, Dirección de Cultura,
_c1948.
300 _a168 p., 1 h. ;
_c19 cm.
490 1 _aCuadernos de Cultura. Octava serie ;
_v3
700 1 _aEstenger, Rafael.
_948108
710 1 _aCuba.
_bDirección General de Cultura.
_9146958
830 0 _aCuadernos de cultura
_v3
_9181245
852 _aES-MaACL
_jC-57157
999 _c174093
_d174093